00493nam a2200181Ia 450000500170000000800410001704000190005804100120007708200130008910000250010224500490012725000120017626000330018830000150022150400500023665000150028685000100030120220930113651.0131103s9999 xx 000 0 und d aLoreto College aEnglish a150bBHA aBhattacharyya, P. N. aText-book of psychologycP. N. Bhattacharyya a2nd ed. aCalcuttabA. Mukherjeec1973 aP-3(915p)  aIncludes bibliographical references and index aPsychology aLCLIB